=LDR 00000nam 2200000 4500 =001 INLIS000000000032220 =005 20200430075448 =035 ##$$a 0010-061300000032220 =008 200430################g##########0#ind## =041 ##$$a ind =082 ##$$a 2x3.7 =090 ##$$a 2x3.7, Muf m =100 ##$$a Mufthi, Abdurrahman =245 1#$$a Menyingkap keutamaan hari dan bulan : $b Mengupas berbagai keistimewaan hari dan bulan /$c Abdurrahman Mufthi =260 ##$$a Jombang :$b Lintas Media,$c [S.a] =300 ##$$a 224 hlm ; $c 18 x 13 cm =650 #4$$a Islam, Hari dan Bulan =850 ##$$a NBPNMAT =020 ##$$a 978-979-26-3863-9 =084 ##$$a 2x3.7 MUF m =504 ##$$a Bibliografi: halaman 223-224 =990 ##$$a 21001558 =990 ##$$a 21001557